000 00338 a2200157 4500
001 69307
020 _a
040 _cAnchieta - Itaigara
100 _aGouveia, Luis Augusto
240 1 0 _aSonhos de Ícaro
_lpor
245 1 0 _aSonhos de Ícaro
300 _a32
362 0 _a2001
650 4 _aLiteratura infanto-juvenil
942 _cBK
999 _c69307
_d69307